[Event "Mondiale Lampo FIDE 2017"]
[Site "Riyadh"]
[Date "30.12.2017"]
[Round "17.47"]
[White "Ibrahimov, Rasul"]
[Black "Riazantsev, Alexander"]
[Result "0-1"]
[WhiteTitle "GM"]
[BlackTitle "GM"]
[WhiteElo "2518"]
[BlackElo "2650"]
[WhiteFideId "13400495"]
[BlackFideId "4125029"]
[EventDate "2017.12.29"]

1. Nf3 d5 2. g3 c6 3. Bg2 Bf5 4. c4 dxc4 5. O-O e6 6. a4 Nf6 7. Na3 Bxa3 8. bxa3
Be4 9. Bb2 O-O 10. Qc1 Qd5 11. Bxf6 gxf6 12. Qb2 Nd7 13. Qxb7 Ne5 14. Nxe5 Bxg2
15. Ng4 Qg5 16. Nxf6+ Qxf6 17. Kxg2 Rfc8 18. Rac1 Qd4 19. Qb4 Qe4+ 20. Kg1 Qxe2
21. Rxc4 Qe5 22. Rg4+ Kh8 23. Qb7 Rf8 24. Qxc6 Rad8 25. Qb7 a5 26. Rf4 Kg8 27.
Rg4+ Kh8 28. Rf4 Kg8 29. Qb5 Rd5 30. Qb1 Rxd2 31. Rg4+ Kh8 32. Rh4 Qg7 33. Qb5
Rd5 34. Qc4 Rfd8 35. Rf4 Rd4 36. Qc7 R8d7 37. Qb8+ Qg8 38. Qe5+ Qg7 39. Qe3 Rxf4
40. Qxf4 Qd4 41. Qf3 Qxa4 42. Rc1 Qd4 43. h4 Kg7 44. h5 h6 45. Rc6 Qd1+ 46. Kg2
Qxf3+ 47. Kxf3 Rd3+ 48. Kf4 Rxa3 49. Ra6 a4 50. g4 Ra2 51. f3 a3 52. Ra7 Ra1 53.
Kg3 Kf6 54. Ra5 a2 55. Kg2 Kg7 56. Ra7 Kf6 57. Ra5 e5 58. Ra6+ Kg5 59. Ra5 f6
60. Ra8 e4 61. fxe4 Kxg4 62. Ra6 Kxh5 63. Ra4 Kg5 64. Kh2 Kf4 65. Kg2 h5 66. Kh2
h4 67. Kg2 h3+ 68. Kh2 Ke3 0-1

[Event "Mondiale Lampo FIDE 2017"]
[Site "Riyadh"]
[Date "30.12.2017"]
[Round "17.48"]
[White "Tregubov, Pavel V."]
[Black "Movsesian, Sergei"]
[Result "0-1"]
[WhiteTitle "GM"]
[BlackTitle "GM"]
[WhiteElo "2575"]
[BlackElo "2647"]
[WhiteFideId "4115341"]
[BlackFideId "310204"]
[EventDate "2017.12.29"]

1. d4 d5 2. c4 c6 3. cxd5 cxd5 4. Bf4 Nc6 5. e3 Nf6 6. Nc3 a6 7. Bd3 Bg4 8. Nge2
e6 9. O-O Be7 10. Rc1 O-O 11. Na4 Nd7 12. Qb3 Nb4 13. Ng3 b5 14. Nc5 Bxc5 15.
dxc5 Nxd3 16. Qxd3 e5 17. c6 exf4 18. exf4 Nf6 19. f5 Qd6 20. f3 Bh5 21. Rc2
Rac8 22. Rfc1 d4 23. c7 Rfe8 24. Qd2 h6 25. Rc6 Qe5 26. R6c5 Qe3+ 27. Qxe3 dxe3
28. Kf1 g6 29. Ke2 Re7 30. b3 Ne8 31. Ne4 gxf5 32. Rxf5 Bg6 33. Rfc5 Bxe4 34.
fxe4 Rxe4 35. R1c3 Re7 36. Rxe3 Rxe3+ 37. Kxe3 Rxc7 38. Kd4 0-1

[Event "Mondiale Lampo FIDE 2017"]
[Site "Riyadh"]
[Date "30.12.2017"]
[Round "17.49"]
[White "Short, Nigel D"]
[Black "Al-Sayed, Mohammed"]
[Result "0-1"]
[WhiteTitle "GM"]
[BlackTitle "GM"]
[WhiteElo "2678"]
[BlackElo "2511"]
[WhiteFideId "400025"]
[BlackFideId "12100196"]
[EventDate "2017.12.29"]

1. e4 c5 2. Nf3 d6 3. d4 cxd4 4. Nxd4 Nf6 5. Nc3 a6 6. a4 g6 7. Be2 Bg7 8. O-O
O-O 9. Be3 Nc6 10. f4 Re8 11. Kh1 Bd7 12. Nb3 Qc7 13. a5 Rac8 14. Nd5 Nxd5 15.
exd5 Nd8 16. c3 e6 17. Bd4 exd5 18. Bxg7 Kxg7 19. Bf3 Bb5 20. Rf2 Ne6 21. f5 Ng5
22. Bxd5 Re5 23. Qd2 f6 24. h4 Ne4 25. Bxe4 Rxe4 26. Nd4 Rxh4+ 27. Kg1 Bc4 28.
Re1 Qd7 29. Rf3 Re8 30. Rxe8 Qxe8 31. fxg6 hxg6 32. Rg3 Qe4 33. Kf2 Rh1 34. Rh3
Rf1+ 35. Kg3 Qe5+ 36. Kh4 g5+ 37. Kg4 Be6+ 38. Nxe6+ Qxe6+ 39. Kg3 Qe5+ 40. Kg4
Rf4+ 41. Kg3 Rd4+ 0-1

[Event "Mondiale Lampo FIDE 2017"]
[Site "Riyadh"]
[Date "30.12.2017"]
[Round "17.50"]
[White "Ganguly, Surya Shekhar"]
[Black "Abdyjapar, Asyl"]
[Result "1-0"]
[WhiteTitle "GM"]
[BlackTitle "IM"]
[WhiteElo "2650"]
[BlackElo "2382"]
[WhiteFideId "5002150"]
[BlackFideId "13800337"]
[EventDate "2017.12.29"]

1. e4 c5 2. Nf3 d6 3. d4 cxd4 4. Nxd4 Nf6 5. Nc3 Nc6 6. Bg5 e6 7. Qd2 Be7 8.
O-O-O O-O 9. f4 h6 10. Bh4 a6 11. Bc4 Qc7 12. Bb3 Na5 13. Bxf6 Bxf6 14. g4 Nxb3+
15. axb3 b5 16. h4 b4 17. Nce2 e5 18. g5 Be7 19. Nf5 Bxf5 20. exf5 a5 21. f6
gxf6 22. gxf6 Bxf6 23. fxe5 Bg7 24. exd6 Qc5 25. Rhg1 Qe5 26. Qd4 Kh8 27. Qxe5
Bxe5 28. Rd5 Bf6 29. h5 a4 30. bxa4 Rxa4 31. b3 Ra2 32. Rg4 Bg5+ 33. Kb1 Rfa8
34. Rxb4 Ra1+ 35. Kb2 Bf6+ 36. Nd4 R8a2+ 37. Kc3 Rc1 38. Kd3 Rd1+ 39. Kc4 Bxd4
40. Rxd4 Rxc2+ 41. Kb5 1-0

[Event "Mondiale Lampo FIDE 2017"]
[Site "Riyadh"]
[Date "30.12.2017"]
[Round "17.51"]
[White "Ni, Hua"]
[Black "Khairat, Ahmed"]
[Result "0-1"]
[WhiteTitle "GM"]
[BlackTitle "CM"]
[WhiteElo "2671"]
[BlackElo "2211"]
[WhiteFideId "8601160"]
[BlackFideId "10624171"]
[EventDate "2017.12.29"]

1. e4 e5 2. Nf3 Nc6 3. Bb5 f5 4. d3 fxe4 5. dxe4 Nf6 6. Qd3 Bc5 7. Bc4 d6 8. a3
Qe7 9. Nc3 Nd4 10. Bg5 c6 11. Ne2 Ne6 12. Bh4 O-O 13. O-O-O b5 14. Ba2 a5 15. g4
Kh8 16. Rhg1 a4 17. g5 Nh5 18. g6 Qa7 19. Ng5 Nxg5 20. Rxg5 Nf4 21. Nxf4 Rxf4
22. Rdg1 Rxh4 23. Qf3 Rf4 24. Rh5 h6 25. Qg3 Rg4 26. Qf3 Rxg1+ 27. Kd2 Bg4 28.
Qc3 Rd1# 0-1

[Event "Mondiale Lampo FIDE 2017"]
[Site "Riyadh"]
[Date "30.12.2017"]
[Round "17.52"]
[White "Dzhumagaliev, Yan"]
[Black "Dervishi, Erald"]
[Result "1/2-1/2"]
[WhiteTitle "FM"]
[BlackTitle "GM"]
[WhiteElo "2400"]
[BlackElo "2552"]
[WhiteFideId "24100110"]
[BlackFideId "4700236"]
[EventDate "2017.12.29"]

1. Nf3 Nf6 2. d4 e6 3. c4 d5 4. g3 Be7 5. Bg2 O-O 6. O-O dxc4 7. Qc2 a6 8. a4
Bd7 9. Qxc4 Bc6 10. Nc3 a5 11. Re1 Bxf3 12. exf3 c6 13. f4 Na6 14. h4 Nb4 15.
Rd1 Qb6 16. Qe2 Rfd8 17. Be3 Qa6 18. Qf3 h5 19. Bf1 Qb6 20. d5 c5 21. dxe6 Qxe6
22. Nb5 Qe4 23. Qxe4 Nxe4 24. Bg2 f5 25. Nc7 Rac8 26. Ne6 Rxd1+ 27. Rxd1 Kf7 28.
Ng5+ Bxg5 29. fxg5 Ke6 30. f3 Nd6 31. Bf4 Nc4 32. b3 Na3 33. Rd6+ Ke7 34. Rg6
Kf8 35. Bh3 Rc6 36. Rxc6 Nxc6 37. Bd6+ Kf7 38. Bxf5 b6 39. Be4 Nd4 40. Bc7 Ke6
41. f4 c4 42. Bxb6 Nxb3 43. f5+ Ke5 44. f6 gxf6 45. g6 Kxe4 46. g7 c3 47. g8=Q
c2 48. Qe6+ 1/2-1/2

[Event "Mondiale Lampo FIDE 2017"]
[Site "Riyadh"]
[Date "30.12.2017"]
[Round "17.53"]
[White "Khader, Sami"]
[Black "Al-Modiahki, Mohamad"]
[Result "0-1"]
[WhiteTitle "IM"]
[BlackTitle "GM"]
[WhiteElo "2392"]
[BlackElo "2542"]
[WhiteFideId "8100500"]
[BlackFideId "12100030"]
[EventDate "2017.12.29"]

1. e4 c5 2. Nf3 Nc6 3. c3 d5 4. exd5 Qxd5 5. d4 Bg4 6. Be2 cxd4 7. cxd4 e6 8.
Nc3 Bb4 9. O-O Qa5 10. Qb3 Bxf3 11. Bxf3 Nxd4 12. Qd1 Nxf3+ 13. Qxf3 Nf6 14.
Qxb7 O-O 15. Qf3 Bxc3 16. bxc3 Rac8 17. Bd2 Rfd8 18. Rfd1 Rd5 19. c4 Rxd2 0-1

[Event "Mondiale Lampo FIDE 2017"]
[Site "Riyadh"]
[Date "30.12.2017"]
[Round "17.54"]
[White "Salgado Lopez, Ivan"]
[Black "El Adnani, Mokliss"]
[Result "0-1"]
[WhiteTitle "GM"]
[BlackTitle "IM"]
[WhiteElo "2644"]
[BlackElo "2448"]
[WhiteFideId "2257327"]
[BlackFideId "9000410"]
[EventDate "2017.12.29"]

1. e4 c5 2. d3 Nc6 3. Be2 g6 4. Nf3 Bg7 5. O-O e6 6. c3 Nge7 7. Nbd2 O-O 8. Re1
Rb8 9. Bf1 b5 10. a3 a5 11. Qc2 d6 12. Rb1 b4 13. a4 Bd7 14. c4 b3 15. Nxb3 Nb4
16. Qe2 Bxa4 17. Na1 Bd7 18. Bd2 Nec6 19. Bc3 e5 20. Qd2 Bg4 21. Be2 Na2 22. Qd1
Bxf3 23. Bxf3 Nd4 24. Bxd4 cxd4 25. Nc2 Nb4 26. Na3 Na6 27. Qc2 Qd7 28. Nb5 Nb4
29. Qd2 Rfc8 30. Ra1 Ra8 31. Bd1 Bf6 32. Ba4 Qe6 33. Rf1 Na6 34. Bc2 Bd8 35. f4
Nc5 36. Qf2 Rab8 37. g3 Kg7 38. Kg2 Rb7 39. Qf3 Rcb8 40. Rf2 f6 41. h4 h6 42. f5
gxf5 43. exf5 Qe7 44. g4 Kh8 45. Rh1 Qg7 46. Qg3 Be7 47. Bd1 Rg8 48. Bf3 Rxb5
49. cxb5 Nxd3 50. Rc2 Nf4+ 51. Kh2 d5 52. Rc6 Qf8 53. Rhc1 Bd6 54. Rxd6 Qxd6 55.
Rc6 Qe7 56. Bd1 Rf8 57. b6 Qb4 58. Qf2 Nd3 59. Qe2 e4 60. g5 Qb5 61. Re6 Qxb2
62. Qxb2 Nxb2 63. Bh5 hxg5 64. Rc6 Rb8 65. hxg5 fxg5 66. Kg3 Nc4 67. Kg4 Rxb6
68. Rc8+ Kg7 69. Kxg5 Nd6 70. Rc7+ Kf8 71. f6 Rb7 72. Rc6 Nf7+ 73. Kf5 Nd8 74.
Rc8 Rd7 75. Bg6 d3 76. Rc1 d2 77. Rh1 Nf7 78. Ke6 Rd6+ 79. Kf5 e3 80. Rh7 d1=Q
81. Rxf7+ Ke8 0-1

[Event "Mondiale Lampo FIDE 2017"]
[Site "Riyadh"]
[Date "30.12.2017"]
[Round "17.55"]
[White "Tissir, Mohamed"]
[Black "Miton, Kamil"]
[Result "0-1"]
[WhiteTitle "IM"]
[BlackTitle "GM"]
[WhiteElo "2381"]
[BlackElo "2584"]
[WhiteFideId "9000240"]
[BlackFideId "1111914"]
[EventDate "2017.12.29"]

1. e4 c5 2. Nc3 Nc6 3. Bb5 Nd4 4. Bc4 e6 5. Nge2 a6 6. Nxd4 cxd4 7. Ne2 b5 8.
Bb3 Bc5 9. O-O Ne7 10. d3 O-O 11. Ng3 d5 12. Qh5 Bb7 13. Bd2 Rc8 14. a4 b4 15.
Rae1 a5 16. e5 Bb6 17. Bg5 Qd7 18. Qg4 Kh8 19. Nh5 Nf5 20. Nf6 Qc7 21. Qh3 gxf6
22. Bxf6+ Ng7 23. Qh6 Rg8 24. f4 Qd8 25. Rf3 Qxf6 26. Qxf6 Bd8 27. Qxf7 Rc7 28.
Qf6 Bxf6 29. exf6 Nh5 30. Rxe6 Rf7 31. Re7 Rgf8 32. g4 Nxf6 33. Rxf7 Rxf7 34. g5
Nd7 35. Kf2 Kg7 36. Kg3 Nc5 37. h4 Nxb3 38. cxb3 Bc8 39. Rf2 Bf5 40. Rc2 Bxd3 0-1

[Event "Mondiale Lampo FIDE 2017"]
[Site "Riyadh"]
[Date "30.12.2017"]
[Round "17.56"]
[White "Halkias, Stelios"]
[Black "Omar, Noaman"]
[Result "1/2-1/2"]
[WhiteTitle "GM"]
[BlackTitle "IM"]
[WhiteElo "2571"]
[BlackElo "2364"]
[WhiteFideId "4201809"]
[BlackFideId "9300244"]
[EventDate "2017.12.29"]

1. Nf3 d5 2. d4 Nf6 3. c4 e6 4. g3 dxc4 5. Bg2 c5 6. O-O Nc6 7. dxc5 Qxd1 8.
Rxd1 Bxc5 9. Nbd2 c3 10. bxc3 O-O 11. Nb3 Be7 12. Nfd4 Rd8 13. Bg5 Nxd4 14. cxd4
h6 15. Bd2 Nd5 16. e4 Nb4 17. Bc3 b6 18. Rd2 Bb7 19. a3 Nc6 20. d5 Nb8 21. dxe6
fxe6 22. Rxd8+ Bxd8 23. Nd4 Kf7 24. Nb5 Bc6 25. Nd6+ Ke7 26. Rd1 Bc7 27. Nc4 g5
28. Bb4+ Kf7 29. Nd6+ Bxd6 30. Rxd6 a5 31. Bc3 Ra7 32. Bh3 Re7 33. f3 h5 34. Kf2
g4 35. fxg4 hxg4 36. Bxg4 Bxe4 37. Ke3 Bf5 38. Bxf5 exf5+ 39. Kf4 Nd7 40. Kxf5
Ke8 41. Re6 Rxe6 42. Kxe6 Nc5+ 43. Kd5 Na4 44. Bd4 b5 45. h4 Kf7 46. h5 Kg8 47.
g4 Kh7 48. g5 b4 49. axb4 axb4 50. Kc4 1/2-1/2

[Event "Mondiale Lampo FIDE 2017"]
[Site "Riyadh"]
[Date "30.12.2017"]
[Round "17.57"]
[White "Sanal, Vahap"]
[Black "Shytaj, Luca"]
[Result "1-0"]
[WhiteTitle "GM"]
[BlackTitle "IM"]
[WhiteElo "2551"]
[BlackElo "2459"]
[WhiteFideId "6300545"]
[BlackFideId "812633"]
[EventDate "2017.12.29"]

1. e4 c5 2. Nf3 Nf6 3. Nc3 d6 4. d4 cxd4 5. Nxd4 a6 6. Bg5 Nbd7 7. Bc4 e6 8. Qd2
b5 9. Bd3 Bb7 10. a3 Qb6 11. Nb3 Be7 12. Be3 Qc7 13. f3 O-O 14. g4 Nc5 15. h4 d5
16. Nxc5 Bxc5 17. Bxc5 Qxc5 18. g5 Nh5 19. O-O-O b4 20. Na4 Qc7 21. axb4 dxe4
22. fxe4 Bc6 23. Nc5 a5 24. b5 Bxb5 25. Nxe6 fxe6 26. Bxb5 Qc5 27. Bd7 Nf4 28.
Kb1 Rab8 29. Qd4 Qe7 30. Ba4 Rb4 31. Qd7 Qc5 32. Qc6 Qe5 33. c3 Rxe4 34. Bc2 Re2
35. Qd6 Qe3 36. Qd4 Qxd4 37. Rxd4 Ng2 38. Bd3 Ref2 39. Bc4 Nf4 40. Re1 h6 41.
gxh6 gxh6 42. Bxe6+ Kg7 43. Bb3 Ne2 44. Rd7+ Kf6 45. Rd6+ Kf5 46. Bc4 Nf4 47.
Rb6 h5 48. Rb5+ Kg4 49. Rxa5 Kxh4 50. Rb5 Kg3 51. Rg5+ Kh4 52. Rg7 Rb8 53. Rh1+
Nh3 54. b3 Re8 55. Rf7 Rg2 56. Rf3 Rg3 57. Rxg3 Kxg3 58. b4 h4 59. Bd5 Re2 60.
b5 Nf2 61. Rg1+ Kf4 62. b6 Nd3 63. Bc4 Nc5 64. Rh1 Re3 65. Rxh4+ Kg5 66. Rd4 Kf6
67. Rd6+ Ke7 68. Rc6 Nd7 69. b7 Re1+ 70. Kb2 Re5 71. Rc7 Ra5 72. Rxd7+ 1-0

[Event "Mondiale Lampo FIDE 2017"]
[Site "Riyadh"]
[Date "30.12.2017"]
[Round "17.58"]
[White "Amer, Said Salim Al Maashani"]
[Black "Malakhatko, Vadim"]
[Result "0-1"]
[WhiteTitle "FM"]
[BlackTitle "GM"]
[WhiteElo "2103"]
[BlackElo "2542"]
[WhiteFideId "22000100"]
[BlackFideId "14104202"]
[EventDate "2017.12.29"]

1. e4 c5 2. Nf3 e6 3. d4 cxd4 4. Nxd4 Nc6 5. Nb5 d6 6. Bf4 e5 7. Be3 Nf6 8. N1c3
a6 9. Na3 b5 10. Nd5 Nxd5 11. exd5 Ne7 12. c4 Nf5 13. cxb5 Nxe3 14. fxe3 Qh4+
15. g3 Qe4 16. Qc2 Qxe3+ 17. Be2 Bd7 18. Nc4 Qc5 19. b6 Be7 20. a3 a5 21. O-O-O
O-O 22. Kb1 Rfb8 23. Bd3 g6 24. Rhf1 Bb5 25. Rxf7 Kxf7 26. Rf1+ Kg7 27. Bxg6
hxg6 28. h4 Qxc4 29. Qf2 Qxf1+ 0-1

[Event "Mondiale Lampo FIDE 2017"]
[Site "Riyadh"]
[Date "30.12.2017"]
[Round "17.59"]
[White "Minko, Vladimir"]
[Black "Saeed, Ishaq"]
[Result "0-1"]
[WhiteTitle "IM"]
[BlackTitle "FM"]
[WhiteElo "2381"]
[BlackElo "2434"]
[WhiteFideId "24146706"]
[BlackFideId "9301453"]
[EventDate "2017.12.29"]

1. d4 Nf6 2. c4 e6 3. Nf3 b6 4. g3 Bb7 5. Bg2 Be7 6. O-O O-O 7. Nc3 Ne4 8. Qe1
Nxc3 9. Qxc3 Be4 10. Bh3 f5 11. Re1 Bf6 12. Nd2 Bb7 13. e4 fxe4 14. Nxe4 Nc6 15.
Nxf6+ Qxf6 16. Be3 Ne7 17. Bg2 Bxg2 18. Kxg2 Qf3+ 19. Kg1 Ng6 20. Qd3 Rf7 21.
Qe2 Qf5 22. Rad1 Raf8 23. d5 h5 24. dxe6 dxe6 25. Bd4 e5 26. Be3 h4 27. Qd3 e4
28. Qd5 Ne5 29. Bf4 Nf3+ 30. Kg2 h3+ 31. Kf1 Qxd5 32. Rxd5 Nxe1 33. Kxe1 c6 34.
Rd6 Rf6 35. Rd4 Re6 36. Ke2 Rf5 37. Ke3 g5 38. Bb8 Rf3+ 39. Ke2 Ref6 40. Rxe4
Rxf2+ 41. Ke3 Rxh2 42. Rg4 Re6+ 43. Kd4 Rd2+ 44. Kc3 Rd7 45. Rxg5+ Rg7 46. Rh5
Rh7 47. Rg5+ Kf7 48. Rf5+ Kg6 49. Rf1 h2 50. Rh1 Re2 51. g4 Kg5 52. Kd3 Rxb2 53.
Ke4 Kxg4 54. a4 Kh3 55. Kf3 Rb3+ 56. Kf2 Rb2+ 57. Kf3 Rf7+ 58. Bf4 Rxf4+ 59.
Kxf4 Kg2 60. Rb1 Rxb1 0-1

[Event "Mondiale Lampo FIDE 2017"]
[Site "Riyadh"]
[Date "30.12.2017"]
[Round "17.60"]
[White "Al-Saffar, Araz Basim Mohammed S"]
[Black "Lam, Daniel King-wai"]
[Result "0-1"]
[WhiteTitle "IM"]
[BlackTitle "FM"]
[WhiteElo "2368"]
[BlackElo "2222"]
[WhiteFideId "4801040"]
[BlackFideId "6001238"]
[EventDate "2017.12.29"]

1. d4 e6 2. c4 c5 3. Nf3 Nf6 4. Nc3 cxd4 5. Nxd4 d5 6. e3 a6 7. Be2 dxc4 8. Bxc4
Qc7 9. Be2 Bd6 10. h3 O-O 11. O-O Rd8 12. Qc2 Bd7 13. Rd1 e5 14. Nf5 Bf8 15. Bf3
Nc6 16. Ng3 g6 17. Bd2 Bg7 18. Rac1 Be6 19. Be1 Nb4 20. Qb1 Rxd1 21. Rxd1 h5 22.
a3 Nc6 23. b4 Rd8 24. Qc1 Rxd1 25. Qxd1 Ne7 26. Nge4 Nxe4 27. Nxe4 Bd5 28. h4
Bc6 29. Nc5 Bxf3 30. Qxf3 Nc6 31. Qd5 Bf8 32. Bc3 Bd6 33. g3 Kh7 34. Ne4 Bf8 35.
f4 exf4 36. gxf4 Qe7 37. Nf6+ Kg7 38. Nd7+ Kg8 39. Nf6+ Kg7 40. Nxh5+ Kh6 41.
Nf6 Qxe3+ 42. Kg2 Qxc3 43. Qg5+ Kg7 44. Ne8+ Kg8 45. Nf6+ Kg7 46. Ne8+ Kh7 47.
Qd5 Kh8 0-1

[Event "Mondiale Lampo FIDE 2017"]
[Site "Riyadh"]
[Date "30.12.2017"]
[Round "17.61"]
[White "Lodhi, Mahmood"]
[Black "Al Mahmood, Salman"]
[Result "1-0"]
[WhiteTitle "IM"]
[WhiteElo "2347"]
[BlackElo "1593"]
[WhiteFideId "7800010"]
[BlackFideId "11201517"]
[EventDate "2017.12.29"]

1. d4 Nf6 2. Nf3 e6 3. g3 Be7 4. Bg2 O-O 5. O-O d5 6. c4 b6 7. b3 Bb7 8. Bb2
Nbd7 9. Nbd2 Rc8 10. e3 Re8 11. Qe2 Bf8 12. a4 a5 13. Rfd1 h6 14. Rac1 c5 15.
Ne5 Bd6 16. f4 Qe7 17. g4 Ne4 18. Nf1 cxd4 19. exd4 Bb4 20. Ne3 Nef6 21. h4 Nxe5
22. dxe5 Ne4 23. g5 hxg5 24. hxg5 Red8 25. cxd5 exd5 26. Rxc8 Bxc8 27. Nxd5 Qc5+
28. Kh2 Nc3 29. Nxc3 Rxd1 30. Nxd1 Qc7 31. Nf2 Bc5 32. Ne4 Bf5 33. Nxc5 bxc5 34.
Kg3 Qd8 35. Bc3 g6 36. Qd2 Qc7 37. Bxa5 Qa7 38. Bd8 Qb8 39. Bf6 Kf8 1-0

[Event "Mondiale Lampo FIDE 2017"]
[Site "Riyadh"]
[Date "30.12.2017"]
[Round "17.62"]
[White "Masrahi, Abdulrahman A"]
[Black "Bukannan, Ahmed A"]
[Result "0-1"]
[WhiteTitle "CM"]
[WhiteElo "1962"]
[BlackElo "1929"]
[WhiteFideId "21501564"]
[BlackFideId "21504164"]
[EventDate "2017.12.29"]

1. d4 d5 2. Bf4 Nf6 3. e3 e6 4. Nd2 Bd6 5. Bg3 c5 6. c3 Nc6 7. Bd3 O-O 8. Ngf3
Qe7 9. Ne5 Nd7 10. f4 f6 11. Nxd7 Bxd7 12. O-O e5 13. fxe5 fxe5 14. Qe2 Rae8 15.
Rxf8+ Rxf8 16. c4 exd4 17. Bxd6 Qxd6 18. cxd5 Nb4 19. Ne4 Qe5 20. Nxc5 Bc8 21.
e4 Re8 22. Bc4 Kh8 23. Rf1 h6 24. Ne6 Bxe6 25. dxe6 d3 26. Qe3 Qxb2 27. Bxd3 Qc3
28. Rf3 Qa1+ 29. Bf1 Rxe6 30. Qb3 Qd4+ 31. Qe3 Qxe3+ 32. Rxe3 Re7 33. Bc4 a6 34.
a3 Nc6 35. Kf2 Ne5 36. Bb3 Ng4+ 37. Kf3 Nxe3 38. Kxe3 g6 39. Kd4 Kg7 40. Kd5 Kf6
41. g3 Re5+ 42. Kd4 Ra5 43. a4 Re5 44. Bd5 b5 45. axb5 axb5 46. Ke3 Ke7 47. Kd4
Kd6 48. Bf7 g5 49. h4 Re7 50. Bd5 b4 51. hxg5 hxg5 52. Kc4 Re5 53. Kd4 Re7 54.
Kc4 Re5 55. Kd4 Re7 56. Kc4 Re5 57. Kd4 Rxd5+ 58. exd5 b3 59. Kc3 Kxd5 60. Kxb3
Ke4 61. Kc3 Kf3 62. Kd3 Kxg3 63. Ke2 g4 64. Kf1 Kh2 65. Kf2 g3+ 66. Kf3 0-1

[Event "Mondiale Lampo FIDE 2017"]
[Site "Riyadh"]
[Date "30.12.2017"]
[Round "17.63"]
[White "Farhan, Marwan Ali"]
[Black "Samhouri, A."]
[Result "0-1"]
[BlackTitle "FM"]
[WhiteElo "1975"]
[BlackElo "2355"]
[WhiteFideId "9401652"]
[BlackFideId "8100640"]
[EventDate "2017.12.29"]

1. e4 c5 2. Nf3 d6 3. d4 cxd4 4. Nxd4 Nf6 5. Nc3 a6 6. Be2 e5 7. Nf3 h6 8. O-O
Be6 9. Be3 Be7 10. Nd5 Bxd5 11. exd5 Nbd7 12. a4 O-O 13. c4 a5 14. b3 Rc8 15.
Qd2 Nc5 16. Qc2 Ng4 17. Bd2 f5 18. h3 Nf6 19. Qxf5 Nfe4 20. Qh5 Rxf3 21. Bxf3
Nxd2 22. Rfd1 Ncxb3 23. Bg4 Nxa1 24. Rxd2 Rxc4 25. Be6+ Kh8 26. Qg6 Rf4 27. Ra2
Nb3 28. Rc2 Nc5 29. Bf5 Qg8 30. Rxc5 dxc5 31. d6 Bxd6 32. Be6 Qf8 33. Bd5 Rd4
34. Be4 Rxe4 35. Qxe4 Qf6 36. Qxb7 Qg6 37. Qa6 Qb1+ 38. Kh2 Qd1 39. Qc8+ Kh7 40.
Qf5+ Kg8 41. Qe6+ Kf8 42. Qc8+ Ke7 43. Qb7+ Kf6 44. Qf3+ Qxf3 0-1

[Event "Mondiale Lampo FIDE 2017"]
[Site "Riyadh"]
[Date "30.12.2017"]
[Round "17.64"]
[White "Alanazy, Mohammed"]
[Black "Haddouche, Mohamed"]
[Result "0-1"]
[BlackTitle "GM"]
[WhiteElo "1850"]
[BlackElo "2505"]
[WhiteFideId "21508488"]
[BlackFideId "7900660"]
[EventDate "2017.12.29"]

1. e4 e5 2. Nf3 Nc6 3. Nc3 Nf6 4. Bc4 Be7 5. d3 d6 6. O-O Bg4 7. h3 Bh5 8. Nd5
Nxd5 9. Bxd5 O-O 10. c3 Kh8 11. g4 Bg6 12. Be3 Qd7 13. b4 Nd8 14. a4 h5 15. Nh2
c6 16. Bb3 d5 17. exd5 cxd5 18. Bc5 Bxc5 19. bxc5 Ne6 20. d4 e4 21. f4 exf3 22.
Qxf3 Be4 23. Qg3 Ng5 24. h4 Ne6 25. g5 b6 26. cxb6 axb6 27. Nf3 f6 28. Kh2 Rac8
29. Rg1 Rxc3 30. Bd1 Nxd4 31. Nxd4 Rxg3 32. Rxg3 fxg5 33. hxg5 Qd6 34. Bxh5 Rf2+
35. Kh3 Qe5 36. Rc1 Rf8 37. Ne2 0-1

[Event "Mondiale Lampo FIDE 2017"]
[Site "Riyadh"]
[Date "30.12.2017"]
[Round "17.65"]
[White "Al Zamel, Khaled"]
[Black "Al Habeeb, Emad"]
[Result "1-0"]
[WhiteElo "1942"]
[BlackElo "1933"]
[WhiteFideId "21500967"]
[BlackFideId "21500029"]
[EventDate "2017.12.29"]

1. e4 d6 2. d3 Nf6 3. Nc3 g6 4. g3 Bg7 5. Nf3 O-O 6. Bg2 c6 7. O-O Bd7 8. h3 Qa5
9. Bd2 Qh5 10. Nh2 Qa5 11. Nd5 Qd8 12. Nxf6+ Bxf6 13. Bh6 Re8 14. Ng4 Bxb2 15.
Rb1 Bd4 16. Bg5 Bxg4 17. Qxg4 Qc7 18. h4 Nd7 19. h5 Ne5 20. Qh4 f6 21. Be3 Bxe3
22. fxe3 g5 23. Qh3 Kf7 24. h6 b5 25. Qh5+ Ng6 26. Qxg5 Rg8 27. Qh5 Qb6 28. Qf3
a5 29. a4 Qc5 30. d4 1-0

[Event "Mondiale Lampo FIDE 2017"]
[Site "Riyadh"]
[Date "30.12.2017"]
[Round "17.66"]
[White "Al Abdali, Zeyad Saleh"]
[Black "Al Ghamdi, Ahmed M"]
[Result "0-1"]
[BlackTitle "CM"]
[WhiteElo "1801"]
[BlackElo "2159"]
[WhiteFideId "21501505"]
[BlackFideId "21500150"]
[EventDate "2017.12.29"]

1. d4 Nf6 2. Nf3 g6 3. c4 Bg7 4. Bg5 h6 5. Bf4 d6 6. Nc3 Nbd7 7. h3 O-O 8. e3 c6
9. Be2 Nh5 10. Bh2 a5 11. a4 Qb6 12. Qc2 Nb8 13. O-O Na6 14. Nd2 Nf6 15. f4 Nb4
16. Qc1 d5 17. Bf3 Bf5 18. e4 dxe4 19. Ncxe4 Qxd4+ 0-1

[Event "Mondiale Lampo FIDE 2017"]
[Site "Riyadh"]
[Date "30.12.2017"]
[Round "17.67"]
[White "Miswadah, Baha"]
[Black "Salama, Taher"]
[Result "1/2-1/2"]
[WhiteElo "1877"]
[BlackElo "1769"]
[WhiteFideId "11502118"]
[BlackFideId "11502231"]
[EventDate "2017.12.29"]

1. d4 Nf6 2. c4 e6 3. Nc3 d5 4. Qc2 Be7 5. e4 dxe4 6. Nxe4 O-O 7. Nf3 c5 8.
Nxf6+ Bxf6 9. dxc5 Qa5+ 10. Bd2 Qxc5 11. Be2 Nc6 12. O-O e5 13. a3 Bg4 14. Bc3
Nd4 15. Nxd4 exd4 16. Bxg4 dxc3 17. bxc3 Qxc4 18. Be2 Qxc3 19. Qxc3 Bxc3 20.
Rab1 1/2-1/2

[Event "Mondiale Lampo FIDE 2017"]
[Site "Riyadh"]
[Date "30.12.2017"]
[Round "17.68"]
[White "Alem, Ali Hussien"]
[Black "Al Jabri, Mohammed Ali"]
[Result "1-0"]
[WhiteElo "1745"]
[BlackElo "2154"]
[WhiteFideId "21500088"]
[BlackFideId "7604734"]
[EventDate "2017.12.29"]

1. Nf3 c5 2. g3 Nc6 3. Bg2 Nf6 4. O-O e5 5. d3 Be7 6. e4 O-O 7. c3 d5 8. exd5
Nxd5 9. Re1 Bf6 10. Qb3 Nb6 11. Be3 Qd6 12. Na3 Be6 13. Qc2 a6 14. Rad1 Rfd8 15.
b3 Rac8 16. Nc4 Nxc4 17. dxc4 Qe7 18. Bc1 g6 19. Ba3 b6 20. Rd2 Rxd2 21. Qxd2
Rd8 22. Qe2 Qd6 23. h3 Bf5 24. g4 Bd3 25. Qe3 e4 26. Nd2 Bxc3 27. Nxe4 Bxe4 28.
Qxe4 Bxe1 29. Qxc6 Qxc6 30. Bxc6 Rd2 31. f4 Rxa2 32. Bc1 Bc3 33. Be3 Bd4 34.
Bxd4 cxd4 35. Ba4 d3 36. Kf1 Re2 37. b4 Ra2 38. Bb3 Rb2 39. Ba4 Rxb4 40. Bd1
Rxc4 41. Ke1 Rb4 42. Kd2 a5 43. Kxd3 a4 44. Kc3 Rxf4 45. Kb2 b5 46. Ka3 Rd4 47.
Be2 Rd5 48. Kb4 Re5 49. Bf1 f5 50. gxf5 gxf5 51. h4 f4 52. Ka3 f3 53. Bd3 Kg7
54. Bf1 f2 55. h5 Re1 56. Bxb5 f1=Q 57. Bxf1 Rxf1 58. Kxa4 Kh6 59. Kb4 Kxh5 1-0